banner koha

Coletânea do Novo Código Florestal Brasileiro. Inclui a Lei 12.651/2012 (Registro n. 85390)

MARC details
000 -LÍDER
Campo de controle fixo 00701nam a22002657a 4500
001 - NÚMERO DE CONTROLE
Número de controle BR2020000188
003 - CÓDIGO MARC DA AGÊNCIA CATALOGADORA
Campo de controle BR-BrBNA
005 - DATA E HORA DA ÚLTIMA ATUALIZAÇÃO
Campo de controle 20231009104905.0
008 - CAMPO DE TAMANHO FIXO
Campo fixo de controle 230509b bl.||||| |||| 00| 0 por d
040 ## - FONTE DA CATALOGAÇÃO
Agência catalogadora BR-BrBNA
Idioma da catalogação por
041 ## - CÓDIGO DO IDIOMA
Código do Idioma (Por)
072 ## - CATEGORIA AGRIS
Código da categoria de assunto/objeto <a href="D50; P01">D50; P01</a>
090 ## - NÚMERO DE CHAMADA
Localização na estante D50 BR2020000188
100 1# - ENTRADA PRINCIPAL - NOME PESSOAL
Nome pessoal Colatto, V.
245 1# - TÍTULO PRINCIPAL
Título principal Coletânea do Novo Código Florestal Brasileiro. Inclui a Lei 12.651/2012
250 1# - EDIÇÃO
Edição 2. ed.
260 3# - IMPRENTA (PUBLICAÇÃO, DISTRIBUIÇÃO, ETC.)
Lugar de publicação, distribuição, etc. Brasília, DF (Brasil):
Data de publicação, distribuição, etc 2017.
300 ## - DESCRIÇÃO FÍSICA
Extensão 215 p.
650 ## - ASSUNTO - THESAGRO
Cabeçalho tópico ou nome geográfico FLORESTA
650 ## - ASSUNTO - THESAGRO
Cabeçalho tópico ou nome geográfico LEGISLAÇÃO
650 ## - ASSUNTO - THESAGRO
Cabeçalho tópico ou nome geográfico PRESERVAÇÃO DA NATUREZA
909 ## - IDENTIFICAÇÃO DO CATALOGADOR
Ano e mês da catalogação (aaaamm) 202012
Identificação do catalogador Mara
942 ## - TIPO ESPECÍFICO
Tipo de material Livros
952 ## - LOCATION AND ITEM INFORMATION (KOHA)
-- 2023-10-09
Exemplares
Status de empréstimo Fonte de classificação Status de danificação Não pode ser emprestado Código da coleção Localização permanente Localização atual Localização na estante Total Checkouts Número de chamada Código de barras Tipo de material
  Classificação AGRIS     Agrobase Biblioteca Nacional de Agricultura - Binagri Biblioteca Nacional de Agricultura - Binagri Agrobase - Acervo Geral   D50 BR2020000188 2023-436487 Livros

BINAGRI

Telefone: (61)3218-2567/2388/3357/2097 - binagri@agro.gov.br

Ministério da Agricultura e Pecuária , Esplanada dos Ministérios, Bloco D, Anexo B, Brasília/DF, CEP: 70.043-900